| 000 | 01373 a2200253 4500 | ||
|---|---|---|---|
| 003 | Nust | ||
| 005 | 20170207165830.0 | ||
| 020 | _a1402092997 (inb.) | ||
| 020 | _a1402093004 (ebook) | ||
| 020 | _a9781402092992 (inb.) | ||
| 020 | _a9781402093005 (ebook) | ||
| 040 | _cNust | ||
| 082 | 0 | 4 | _a621.384 |
| 100 | _aMaode Ma, | ||
| 245 | 0 | 0 |
_aCurrent technology developments of WiMax systems (E-BOOK) _cMaode Ma, |
| 260 |
_a[Dordrecht?] : _bSpringer, _cc2009. |
||
| 300 |
_axvi, 300 s. : _bill. ; _c25 cm. |
||
| 505 | _aDeployment and Design of Multi-Antenna WiMax Systems in a Non-Stationary Interference Environment (Page-1) Dynamic Bandwidth Allocation for 802.16E-2005 MAC (Page-17) Scheduling Techniques forWiMax (Page-61) QoS Provision Mechanisms inWiMax (Page-85) MobileWiMax Performance Optimization (Page-115) An Improved Fast Base Station Switching for IEEE 802.16e with Reuse Partitioning (Page-161) Addressing Multiservice Classes and Hybrid Architecture in WiMax Networks (Page-183) Game Theory Modeling of Social Psychology Principle for Reliable Multicast Services inWiMax Networks (Page-251) IEEE 802.16: Enhanced Modes of Operation and Integration with Wired MANs (Page-265) | ||
| 650 | 0 | _aBredbandskommunikation | |
| 650 | 0 | _aWireless communication systems | |
| 650 | 0 | _aWireless metropolitan area networks. | |
| 651 | _aE-Book | ||
| 700 | 1 | _aMa, Maode | |
| 942 |
_2ddc _cBK |
||
| 999 |
_c213254 _d213254 |
||